Problemas y ejercicios de contabilidad / (Record no. 35132)
[ view plain ]
| 000 -LEADER | |
|---|---|
| campo de control de longitud fija | 00626nam a2200193 i 4500 |
| 001 - NÚMERO DE CONTROL | |
| campo de control | 35132 |
| 003 - IDENTIFICADOR DE NÚMERO DE CONTROL | |
| campo de control | ES-MaACL |
| 005 - FECHA Y HORA DE LA ÚLTIMA TRANSACCIÓN | |
| campo de control | 20230906155048.0 |
| 007 - CAMPO FIJO DE DESCRIPCIÓN FÍSICA--INFORMACIÓN GENERAL | |
| campo de control de longitud fija | t| |
| 008 - DATOS DE LONGITUD FIJA--INFORMACIÓN GENERAL | |
| campo de control de longitud fija | 030212s1943 sp ||||1| spa d |
| 100 1# - ENTRADA PRINCIPAL--NOMBRE DE PERSONA | |
| Nombre de persona | Boter y Mauri, Fernando. |
| 9 (RLIN) | 30765 |
| 245 10 - MENCIÓN DEL TÍTULO | |
| Título | Problemas y ejercicios de contabilidad / |
| Mención de responsabilidad, etc. | Fernando Boter Mauri. |
| 260 ## - PUBLICACIÓN, DISTRIBUCIÓN, ETC. | |
| Lugar de publicación, distribución, etc. | Madrid, etc. : |
| Nombre del editor, distribuidor, etc. | José Fendrera, |
| Fecha de publicación, distribución, etc. | 1943 ( |
| Lugar de fabricación/manufactura | Barcelona : |
| Fabricante | Atenas, A.G) |
| 300 ## - DESCRIPCIÓN FÍSICA | |
| Extensión | 131 p. ; |
| Dimensiones | 21 cm. |
| 490 1# - MENCIÓN DE SERIE | |
| Mención de serie | Biblioteca de iniciación comercial |
| 830 0# - PUNTO DE ACCESO ADICIONAL DE SERIE-TÍTULO UNIFORME | |
| Título uniforme | Biblioteca de iniciación comercial |
| 9 (RLIN) | 229527 |
| 852 ## - LOCALIZACIÓN | |
| Ubicación | ES-MaACL |
| Número de control de estantería | C-4232 |
| Sublocalización o colección | R.23842 |
| Estatus retirado | Estado de pérdida | Estado de daño | No para préstamo | Biblioteca de origen | Biblioteca actual | Ubicación en estantería | Fecha de adquisición | Fuente de adquisición | Total de préstamos | Signatura topográfica completa | Código de barras | Visto por última vez | Precio de reemplazo | Tipo de ítem Koha |
|---|---|---|---|---|---|---|---|---|---|---|---|---|---|---|
| Biblioteca del Ateneo de Madrid | Biblioteca del Ateneo de Madrid | Sala Palomar | 17/01/2008 | C-4232 | 1036737 | 23/02/2023 | 23/02/2023 | Libro impreso |
